Liigan kapteenit kaudella 2021-22 - Statistics

Yleistilastot
  • Tätä visaa on pelattu 74 kertaa
  • Keskiarvotulos 7 / 15
Vastaustilastot
Hint Vastaus % Oikein
Kärpät Atte Ohtamaa
67%
Ilves Eemeli Suomi
67%
Tappara Otto Rauhala
67%
TPS Juhani Jasu
60%
Lukko Anrei Hakulinen
50%
Sport Erik Riska
45%
HIFK Teemu Tallberg
43%
KalPa Tuomas Kiiskinen
43%
Jukurit Petrus Palmu
40%
KooKoo Alexander Bonsaksen
36%
Ässät Jarno Kärki
36%
HPK Markus Nenonen
31%
SaiPa Jarno Koskiranta
29%
JYP Jan Scotka
22%
Pelicans Joonas Jalvanti
19%
Ehtoja vastaavia visoja ei löytynyt
Tulosjakauma
Jokaisen tuloksen saaneiden osuus
Persentiili vastausten määrän mukaan
Tuloshistoriasi
Et ole pelannut tätä visaa